| 000 | 00510nam a22001457a 4500 | ||
|---|---|---|---|
| 999 |
_c130167 _d130167 |
||
| 008 | 200122b ||||| |||| 00| 0 eng d | ||
| 050 | _aNA6815.G7213 | ||
| 245 |
_aThe faceted chamber in the Moscow Kremlin _cEdited by Aida Nasibova |
||
| 260 |
_aLeninggrad _bAurora Art Publishers _c1982 |
||
| 300 |
_a91p. ; _c23cm. |
||
| 650 |
_aArchitecture, Renaisance _zRussia (Federation) _zMoscow _949004 |
||
| 651 |
_aMoscow. Granovitaia palata _949005 |
||
| 700 |
_aNasibova, Aida ed. _949006 |
||
| 942 |
_2lcc _cMONOGRAPH |
||